MARC details
| 000 -CABECERA |
| campo de control de longitud fija |
00863nam a2200229 a 4500 |
| 005 - FECHA Y HORA DE LA ÚLTIMA TRANSACCIÓN |
| campo de control |
20210223132424.0 |
| 008 - ELEMENTOS DE LONGITUD FIJA--INFORMACIÓN GENERAL |
| campo de control de longitud fija |
140821s2010 mx r 000 0 spa d |
| 020 ## - NÚMERO INTERNACIONAL NORMALIZADO PARA LIBROS |
| Número Internacional Estándar del Libro |
9786074696295 (SEP) |
| 020 ## - NÚMERO INTERNACIONAL NORMALIZADO PARA LIBROS |
| Número Internacional Estándar del Libro |
9786079517328 (Etnobiología para la Conservación) |
| 035 ## - NÚMERO DE CONTROL DEL SISTEMA |
| Número de control de sistema |
UPN01000198977 |
| 049 ## - COLECCIÓN |
| Colección |
CG |
| 050 #4 - SIGNATURA TOPOGRÁFICA DE LA BIBLIOTECA DEL CONGRESO |
| Número de clasificación |
QK49 |
| Número de documento/Ítem |
H5.7 |
| 245 00 - MENCIÓN DE TÍTULO |
| Título |
Historia de plantas en el Valle de México / |
| Mención de responsabilidad, etc. |
coord. Ana Luisa Montes de Oca ; comp. Aarón Ulises Ramírez Flores ; il. Jaime Beltrán Romero. |
| 260 ## - PUBLICACIÓN, DISTRIBUCIÓN, ETC. |
| Lugar de publicación, distribución, etc. |
México : |
| Nombre del editor, distribuidor, etc. |
SEP : |
| -- |
Etnobiología para la Conservación, |
| Fecha de publicación, distribución, etc. |
2010. |
| 300 ## - DESCRIPCIÓN FÍSICA |
| Extensión |
55 p. : |
| Otras características físicas |
il. col. |
| 440 #0 - MENCIÓN DE SERIE/ASIENTO SECUNDARIO--TÍTULO |
| Título |
Libro del rincón. |
| Nombre de parte o sección de la obra |
Espejo de urania |
| 650 #4 - ASIENTO SECUNDARIO DE MATERIA - TERMINO TEMATICO |
| Término de materia o nombre geográfico como elemento de entrada |
PLANTAS - |
| Subdivisión de forma |
LITERATURA INFANTIL |
| 9 (RLIN) |
1132 |
| 700 1# - ASIENTO SECUNDARIO--NOMBRE DE PERSONAL |
| Nombre de persona |
Montes de Oca Vega, Ana Luisa, |
| Término indicativo de función/relación |
coord. |
| 9 (RLIN) |
35904 |
| 700 1# - ASIENTO SECUNDARIO--NOMBRE DE PERSONAL |
| Nombre de persona |
Ramírez Flores, Aarón Ulises, |
| Término indicativo de función/relación |
comp. |
| 905 ## - TIPO DE MATERIAL |
| Tipo de material |
Libro |